Trestné právo procesné všeobecná a osobitná časť

Enregistré dans:
Détails bibliographiques
Auteur principal: Čentéš, Jozef
Format: Livre
Langue:slovaque
Publié: Šamorín HEURÉKA 2012
Édition:2. vyd.
Sujets:
Tags: Ajouter un tag
Pas de tags, Soyez le premier à ajouter un tag!

MARC

LEADER 00000nam a2200000 4500
001 0172057
005 20221207093904.5
020 |a 978-80-89122-76-9 
041 0 |a slo 
044 |a SK 
245 1 0 |a Trestné právo procesné  |b všeobecná a osobitná časť  |c Jozef Čentéš a kolektív 
250 |a 2. vyd. 
264 1 |a Šamorín  |b HEURÉKA  |c 2012 
300 |a 864 s. 
610 2 0 |a právo trestné 
610 2 0 |a súdy 
610 2 0 |a konanie súdne občianske 
100 1 |a Čentéš, Jozef